Formula one 2020 - Statistics

General Stats
  • This quiz has been taken 125 times
  • The average score is 13 of 15
Answer Stats
Hint Answer % Correct
Name one driver who got Covid Perez /Stroll /Hamilton
100%
Which driver survived the fire crash at Bahrain? Romain Grosjean
99%
Who is WDC? Lewis Hamilton
98%
How many races were red flagged? 3
95%
How many races did the season have? 17
94%
Whats the new name of Toro Rosso? AlphaTauri
94%
And how many "new" tracks were there? 2
93%
How many "old" circuits came back? 4
93%
How many different Nations were on the grid? (without practice sessions) 16
88%
Who won at Monza? Pierre Gasly
87%
Who is F2 Champion Mick Schumacher
82%
And who replaced him? Pietro Fittipaldi
77%
Who was the other rookie who made his Debut at that race? Jack Aitken
68%
At which circuit was the Season Start? RedBullRing
61%
Who will get a Tattoo? Cyril Abiteboul
38%
No matching quizzes found
Score Distribution
Percent of People with Each Score
Percentile by Number Answered
Your Score History
You have not taken this quiz